Carta con fecha julio 02 de 1931 al Sr. D. José Antonio López Ortega

Síntesis: En la carta el Obispo Manríquez, le pide a su destinatario que ayude en todo lo que pueda al P. Gutiérrez. Manifiesta el gusto que le da al saber que el P. Ochoa irá al Congreso de la Juventud Belga. También comenta sobre la situación de la diócesis de Huejutla, en donde se han cerrado alg...

ver descrição completa

Na minha lista:
Detalhes bibliográficos
Autor principal: Manríquez y Zarate, José de Jesús (autor)
Formato: Livro
coleção:1931/julio/2
1931/junio/15
1931/mayo/27
Assuntos:
Tags: Adicionar Tag
Sem tags, seja o primeiro a adicionar uma tag!

MARC

LEADER 00000nam^a2200000^a^4500
001 000249236
005 20250526000000.0
009 20260310105719.274
035 |a R00097 
037 |a Acervo Xavier Clavigero 
082 |a 13. 1  |b MAN 
100 |a Manríquez y Zarate, José de Jesús  |e (autor) 
245 1 0 |a Carta con fecha julio 02 de 1931 al Sr. D. José Antonio López Ortega 
264 |a Laredo, EUA :  |b Destinatario: Lopéz Ortega, José Antonio, Srio gral. de VITA-México,  |c 1931 
300 |a 2 fojas, mcs/cop. 21.3 X 28 cm. 
336 |a texto  |b txt  |2 rdacontenido 
337 |a sin mediación  |b n  |2 rdamedio 
338 |a volumen  |b nc  |2 rdasoporte 
440 |a 1931/julio/2 
440 |a 1931/junio/15 
440 |a 1931/mayo/27 
520 |a Síntesis: En la carta el Obispo Manríquez, le pide a su destinatario que ayude en todo lo que pueda al P. Gutiérrez. Manifiesta el gusto que le da al saber que el P. Ochoa irá al Congreso de la Juventud Belga. También comenta sobre la situación de la diócesis de Huejutla, en donde se han cerrado algunas iglesias y clausurado las escuelas particulares y prácticamente está suspendido el culto católico en el Estado de Veracruz por la llamada "Ley Tejeda". 
598 |a Carta 
598 |a En la biblioteca del ILFC, Guadalajara, Jal. 
649 |a XX 
650 |a * Manríquez y Zárate, José de Jesús -  |x Correspondencia, Memorias, etc. 
650 |a * Gutiérrez, Agustín 
910 |a Fondo Jesús Gómez Fregoso S.J. FXC 
920 |a Impresos - Documentos 
930 |a Libros Antiguos y Raros 
940 |a Guerra Cristera 
905 |a 110 
901 |a R00097  |b IT2  |c LRA  |i R00097  |u 20250526 
902 |a https://opac.biblio.iteso.mx/vufind/Record/000249236